01466nam a2200217Ia 4500008004100000020001500041041001200056082001100068100001700079245008900096260003500185300000800220650001400228942000700242999001500249952019700264952019600461952019700657952019700854952019701051221030s9999 xx 000 0 und d a8121928842 aEnglish a105.23 aY. R. Sharma 0aElementary Organic SpectroscopybPrinciples & Chemical Applicationscby Y. R. Sharma bS.Chand & Co.aNew Delhic2009 a356 aChemistry cBK c8963d8963 pBE 10623g295.00i167l0o105.23 eDurga Books, Amritsarr2024-06-13 00:00:00w2022-10-30yBK003Print4071aMIETLIBbMIETLIBcBL-Academic Block B, FL-1, CUP-59, SH-6, R-6d2010-03-1110HBE pBE 10624g295.00i167l0o105.23 eDurga Books, Amritsarr2024-06-13 00:00:00w2022-10-30yBK003Print4070aMIETLIBbMIETLIBcBL-Academic Blockc, FL-2, CUP-88, SH-4, R-4d2010-03-1110HBE pBE 10625g295.00i167l0o105.23 eDurga Books, Amritsarr2024-06-13 00:00:00w2022-10-30yBK003Print4070aMIETLIBbMIETLIBcBL-Academic Block C, FL-2, CUP-88, SH-4, R-4d2010-03-1110HBE pBE 10626g295.00i167l0o105.23 eDurga Books, Amritsarr2024-06-13 00:00:00w2022-10-30yBK003Print4070aMIETLIBbMIETLIBcBL-Academic Block C, FL-2, CUP-88, SH-4, R-4d2010-03-1110HBE pBE 10627g295.00i167l0o105.23 eDurga Books, Amritsarr2024-06-13 00:00:00w2022-10-30yBK003Print4070aMIETLIBbMIETLIBcBL-Academic Block A, FL-1, CUP-88, SH-1, R-1d2010-03-1110HBE